000 01008nam a2200265Ia 4500
003 OSt
005 20220923230635.0
006 a|||||r|||| 00| 0
007 ta
008 220922b |||||||| |||| 00| 0 hin d
020 _c550
024 _a286,575
037 _b238, 27/11/2015, Eastern Book Linkers
_cTextual
040 _aARTS
_cARTS
_bhin
041 _2hin
_ahin
082 _aO152,6N12:g(Y:1), Q3
100 _aवीरेन्द्र सिंह
_9156263
245 0 _aडॉ रामविलास शर्मा का संस्कृति विवेचन
246 _aḌaॉ rāmavilās sharmā kā sanskṛuti vivechana
260 _aजयपुर
_b हंसा प्रकाशन
_c2013
300 _a258पृ.
_ccm.
650 _aहिन्दी साहित्य
_9156264
942 _hO152,6N12:g(Y:1), Q3
_cTEXL
_2CC
999 _c386213
_d386213